000 00576nam a2200181Ia 4500
008 151018s9999 xx 000 0 und d
082 _bRBASDV6719
_a891.463
100 _aरा को फाटक
245 _aक्षमस्व कालिंदी
250 _b1
260 _bसाहित्य सहकार
_c1969
300 _a129
600 _aरा को फाटक
630 _aक्षमस्व कालिंदी
700 _aरा को फाटक
730 _aक्षमस्व कालिंदी
942 _cBOOK
999 _c1009091
_d1009088